000 00783nam a2200205Ia 4500
005 20251020182611.0
008 200515s9999 xx 000 0 und d
082 _aSC/658.31/F78
100 _aFOURNIES, Ferdinand
245 0 _aTécnicas de dirección de personal : Cómo instruir para aumentar el rendimiento
260 _aMadrid
260 _c1990
300 _a206
500 _a1 ejemplar
520 _aEnfoque práctico para dirigir el trabajo del personal. La entrevista personal. Las cinco etapas a seguir : reconocimiento conjunto de que existe un problema. Discusión de posibles soluciones, acuerdo sobre medidas concretas y mostrar reconocimiento a todo
650 _aADMINISTRACION
650 _aDIRECCION DE PERSONAL
650 _aPRODUCTIVIDAD
942 _cLIB
999 _c3348
_d3348